| 000 | 00363 a2200121 4500 | ||
|---|---|---|---|
| 005 | 20250319142502.0 | ||
| 082 | _a513.93 GRE | ||
| 100 | _aGREEN, H. P. | ||
| 245 | _aComplete Mercantile Arithmetic With Elementary Mensuration With Answers | ||
| 260 |
_aLondon, _bSir Isaac Pitman & Sons Ltd, _c1965. |
||
| 300 |
_aviii, 750p.: ill.; table, _c19cm. |
||
| 942 |
_2ddc _cBKS |
||
| 999 |
_c1006 _d1006 |
||